Use of English: First certificate skills

Gardado en:
Detalles Bibliográficos
Formato: Libro
Publicado: 2004
Các nhãn: Engadir etiqueta
Sen Etiquetas, Sexa o primeiro en etiquetar este rexistro!
Thư viện lưu trữ: Mạng thư viện Đại học Đà Nẵng
LEADER 00449nam a22001811a 4500
001 000038165
003 14460
005 20160412021232.0
008 160412s2004 000
082 |a 4A(07)1763 
245 |a Use of English: First certificate skills  |c Mark Harrison 
260 |c 2004 
OWN |a LNN 
999 |a From the UDN01 
TYP |a Monograph 
980 |a Mạng thư viện Đại học Đà Nẵng